000 00601nam a2200181Ia 4500
008 090201s9999 xx 000 0 und d
010 _aKPL-48260
040 _bमराठी
041 _aमराठी
082 _a35254
_b48260
100 _aसेतुमाधवराव पगडी
245 _aएका माळेचे मणी
_cसेतुमाधवराव पगडी
260 _bपरचुरे प्रकाशन मंदिर
260 _c2004
300 _a187
_bमोठा
600 _aएका माळेचे मणी
942 _cBOOK
999 _c233394
_d233394